Seyhan Belediyesi (Record no. 10503)

MARC details
000 -BAŞLIK
Sabit Uzunlukta Kontrol Alanı 01047na a2200313 4500
001 - KONTROL NUMARASI
Denetim Alanı 23937
003 - KONTROL NUMARASI IDENTIFIER
Denetim Alanı MIRAKIL
005 - SON İŞLEM TARİHİ VE ZAMANI
Denetim Alanı 20181213155324.0
008 - SABİT-BOY VERİ ELEMANLARI - GENEL BİLGİLER
Sabit Uzunlukta Kontrol Alanı 180124b tu 000 0
035 ## - SİSTEM KONTROL NUMARASI
Sistem Kontrol Numarası 18802
040 ## - KATALOGLAMA KAYNAK
Orijinal Kataloglama Ajansı Milas
Kataloglama Dili tur
Metne Dönüştürmek Ajansı TR-AnCHP
041 ## - DİL KODU
Metin / Ses Parça Veya Ayrı Başlığın Dil Kodu tur
-- eng
082 ## - DEWEY ONLU SINIFLANDIRMA NUMARASI
Sınıflandırma Numarası 352.5642228
Ürün Numarası S39 [2017]
090 ## - SINIFLAMA NUMARASI
Sınıflama Numarası 352.5642228 S39 [2017]
110 ## - ANA GİRİŞ - KURUMSAL ADI
Giriş Elemanı Olarak Kurumsal Ad Veya Yargı Alanı Adı Seyhan Belediyesi
245 ## - BAŞLIK TABLOSU
Başlık Seyhan Belediyesi
Başlığın Kalan vizyon projeler ve belediyecilik hizmetleri
-- ne yaptık ne yapıyoruz?
Sorumluluk Tablosu, Vb Seyhan Belediyesi
246 ## - UNVAN FORM VARYING
Başlık Doğru / Kısa Başlığı Ne yaptık ne yapıyoruz?
246 ## - UNVAN FORM VARYING
Başlık Doğru / Kısa Başlığı vizyon projeler ve belediyecilik hizmetleri
260 ## - YAYIN, DAĞITIM, VB
Yayın, Dağıtım, Vb Yeri Adana
Yayıncı, Dağıtıcı, Vs Adı Seyhan Belediyesi
Yayın, Dağıtım, Vb Tarihi [2017]
300 ## - FİZİKSEL TANIM
Kapsam 124 s.
Diğer Fiziksel Ayrıntıları fotğ.
Boyutlar 26 sm.
500 ## - GENEL NOT
Genel Not Metinler Türkçe-İngilizce karşılıklıdır.
610 ## - KONU KATMA GİRİŞ - TOPLANTI ADI
Giriş Elemanı Olarak Kurumsal Ad Veya Yargı Alanı Adı Seyhan Belediyesi
Genel Alt Bölüm Faaliyetler
Coğrafi Alt Bölüm Türkiye
650 ## - KONU KATMA GİRİŞ - TOPİKAL DÖNEM
Topikal Süreli Veya Coğrafi Ad Giriş Elemanı Yerel yönetimler
Coğrafi Alt Bölümü Türkiye
651 ## - KONU KATMA GİRİŞ - COĞRAFİ ADI
Coğrafi İsim Seyhan
Coğrafi Alt Bölümü Türkiye
710 ## - KATMA GİRİŞ - KURUMSAL ADI
Giriş Elemanı Olarak Kurumsal Ad Veya Yargı Alanı Adı Seyhan Belediyesi
740 ## - KATMA GİRİŞ - KONTROLSUZ İLGİLİ / ANALİTİK BAŞLIK
Kontrol Edilmeyen / İlgili Analitik Başlıktaki Ne yaptık ne yapıyoruz?
740 ## - KATMA GİRİŞ - KONTROLSUZ İLGİLİ / ANALİTİK BAŞLIK
Kontrol Edilmeyen / İlgili Analitik Başlıktaki vizyon projeler ve belediyecilik hizmetleri
942 ## - EKLENDİ GİRİŞ ELEMANLARI (KOHA)
Sınıflandırma Veya Raf Düzeni Kaynak Dewey Decimal Classification
Koha Öğesi Türü Books
999 ## - SİSTEM KONTROL NUMARALARI (KOHA)
Koha Biblionumber 10503
Koha Biblioitemnumber 10503
Holdings
Kalıcı Konum Mevcut Konum Edinme Tarihi Edinim Kaynak Toplam Check-Out'Lar Tam Çağrı Numarası Barkod Tarih Son Görülme İtibaren Geçerli Fiyatlar Koha Öğesi Türü
CHP Kütüphanesi CHP Kütüphanesi 01/24/2018 Bağış   352.5642228 S39 [2017] 017919 01/24/2018 01/24/2018 Books